| 000 | 00850nam a22002297a 4500 | ||
|---|---|---|---|
| 999 |
_c21249 _d21249 |
||
| 003 | AR-CdUCM | ||
| 008 | 190524b ||||| |||| 00| 0 spa d | ||
| 040 |
_aMUNICIPALIDAD PROVINCIAL DEL CUSCO _cBIBLIOTECA MUNICIPAL DEL CUSCO |
||
| 082 |
_a610.40/C97 _bC97 |
||
| 100 |
_aCusi Arriaga, Mercedes _944386 |
||
| 245 | _aSemiótica Quechua para Ciencias de la Salud / | ||
| 260 |
_aCusco ; _bGERSON, _c2018. |
||
| 300 |
_a101 Páginas. : _bilustraciones ; _c23 cm. |
||
| 505 | _aContenidos: Origen del Quechua -- Terminología especializada y terminos más utilizados en Ciencias de la Salud ... | ||
| 650 |
_aCiencias de la Salud _944385 |
||
| 650 |
_aIdioma Quechua _927790 |
||
| 650 |
_aSemiótica Quechua _944387 |
||
| 700 |
_aCarrillo Pino, Frank Fred _944388 |
||
| 700 |
_aCusi Arriaga, Rolando _944389 |
||
| 942 |
_2ddc _cLIBROS |
||
| 945 | _aRoel | ||